Statistiques concernant QCM : NBA

Cliquez ici pour prendre le quiz!

Statistiques générales

  • Ce quiz a été pris 388 fois
    (348 depuis la dernière actualisation)
  • Le résultat moyen est 11 sur 15

Statistiques - réponses

QuestionRéponse% Correct
Quel joueur a été élu MVP de la saison régulière en 2011 alors qu'il était membre des Chicago Bulls ?Derrick Rose
95%
Qui est le seul joueur à avoir remporté le titre de MVP des finales NBA avec trois équipes différentes ?LeBron James
94%
Quelle équipe a remporté le plus grand nombre de championnats NBA ?Los Angeles Lakers
92%
Quel joueur a été le premier choix de la draft NBA en 2003 ?LeBron James
91%
Qui détient le record du plus grand nombre de triple-doubles en saison régulière de l'histoire de la NBA ?Russell Westbrook
91%
Qui détient le record du plus grand nombre de points marqués en une seule partie de la saison régulière de la NBA ?Wilt Chamberlain
89%
Quel joueur n'a jamais remporté le titre de MVP en saison régulière de la NBA ?Paul Pierce
86%
Combien de fois les Chicago Bulls ont-ils remporté le championnat NBA dans les années 1990 ?6
84%
Quel joueur a été élu MVP des finales NBA en 2020 ?LeBron James
79%
Quel joueur a été élu MVP des finales NBA en 2018 avec les Golden State Warriors ?Kevin Durant
78%
Qui détient le record du plus grand nombre de passes décisives en une seule saison de la NBA ?John Stockton
69%
Combien de fois Michael Jordan a-t-il remporté le titre de MVP en saison régulière ?5
55%
Quel est le plus grand nombre de victoires consécutives en saison régulière dans l'histoire de la NBA ?33
50%
Quelle équipe a remporté le premier championnat de la NBA ?Philadelphia Warriors
46%
Combien de fois Michael Jordan a-t-il pris sa retraite de la NBA ?3 fois
33%

Distribution des résultats

Percentile par nombre de réponses

% des personnes avec chaque résultat

Votre développement - résultats

Vous n’avez pas pris ce quiz depuis la dernière actualisation